<?xml version="1.0" encoding="UTF-8"?>
<record
    xmlns:xsi="http://www.w3.org/2001/XMLSchema-instance"
    xsi:schemaLocation="http://www.loc.gov/MARC21/slim http://www.loc.gov/standards/marcxml/schema/MARC21slim.xsd"
    xmlns="http://www.loc.gov/MARC21/slim">

  <leader>01139nam a22002417a 4500</leader>
  <controlfield tag="003">BI-BuBU</controlfield>
  <controlfield tag="008">140123t2010    fr ||||dr|||| 000 0 fre d</controlfield>
  <datafield tag="037" ind1=" " ind2=" ">
    <subfield code="b">don </subfield>
  </datafield>
  <datafield tag="039" ind1=" " ind2=" ">
    <subfield code="a">20140123104313.0</subfield>
    <subfield code="b">Niyonzima F&#xE9;licien </subfield>
  </datafield>
  <datafield tag="040" ind1=" " ind2=" ">
    <subfield code="a">BI-BuBU</subfield>
    <subfield code="b">fre </subfield>
    <subfield code="c">BI-BuBU</subfield>
  </datafield>
  <datafield tag="041" ind1=" " ind2=" ">
    <subfield code="a">fre</subfield>
  </datafield>
  <datafield tag="080" ind1=" " ind2=" ">
    <subfield code="a">370.014.22</subfield>
  </datafield>
  <datafield tag="100" ind1="1" ind2=" ">
    <subfield code="4">aut</subfield>
    <subfield code="a">Ntibanonoka, Leonidas </subfield>
    <subfield code="9">84224</subfield>
  </datafield>
  <datafield tag="245" ind1="1" ind2="0">
    <subfield code="a">Analyse des facteurs li&#xE9;s &#xE0; la sous -scolarisation des batwa au Burundi </subfield>
    <subfield code="b">Cas du site Kayange </subfield>
    <subfield code="c">Leonidas Ntibanonoka </subfield>
  </datafield>
  <datafield tag="260" ind1=" " ind2=" ">
    <subfield code="a">Bujumbura </subfield>
    <subfield code="b">Universit&#xE9; du Burundi, Chaire UNESCO, DESS en droits de l'homme et r&#xE9;solution pacifique des conflits </subfield>
    <subfield code="c">2010</subfield>
  </datafield>
  <datafield tag="300" ind1=" " ind2=" ">
    <subfield code="a">49 f.</subfield>
    <subfield code="c">30 cm.</subfield>
  </datafield>
  <datafield tag="500" ind1=" " ind2=" ">
    <subfield code="a">Travail de Fin d'Etudes pr&#xE9;sent&#xE9; et d&#xE9;fendu en vue de l'obtention du Dipl&#xF4;me d'Etudes Sup&#xE9;rieures Sp&#xE9;cialis&#xE9;es en droits de l'homme et r&#xE9;solution pacifique des conflits</subfield>
  </datafield>
  <datafield tag="650" ind1=" " ind2="7">
    <subfield code="2">BI-BuBU</subfield>
    <subfield code="a">Batwa.Sous scolarisation .Facteur</subfield>
    <subfield code="c">Burundi </subfield>
    <subfield code="9">84225</subfield>
  </datafield>
  <datafield tag="700" ind1="1" ind2=" ">
    <subfield code="4">drt</subfield>
    <subfield code="a">Ndayisaba, Joseph</subfield>
    <subfield code="9">84226</subfield>
  </datafield>
  <datafield tag="942" ind1=" " ind2=" ">
    <subfield code="2">ddc</subfield>
    <subfield code="c">MEM</subfield>
  </datafield>
  <datafield tag="999" ind1=" " ind2=" ">
    <subfield code="c">21800</subfield>
    <subfield code="d">21800</subfield>
  </datafield>
  <datafield tag="952" ind1=" " ind2=" ">
    <subfield code="0">0</subfield>
    <subfield code="1">0</subfield>
    <subfield code="2">udc</subfield>
    <subfield code="4">0</subfield>
    <subfield code="7">0</subfield>
    <subfield code="9">33976</subfield>
    <subfield code="a">BCHUN </subfield>
    <subfield code="b">BCHUN </subfield>
    <subfield code="d">2014-01-23</subfield>
    <subfield code="e">Don</subfield>
    <subfield code="l">0</subfield>
    <subfield code="o">370.014.22 NTI</subfield>
    <subfield code="p">5090000023876</subfield>
    <subfield code="r">2014-01-23</subfield>
    <subfield code="t">1</subfield>
    <subfield code="w">2014-01-23</subfield>
    <subfield code="y">MEM</subfield>
  </datafield>
</record>
